00342 a2200133 4500020001800000082001200018100002700030245005200057250001200109260003800121300001100159650001200170700002600182 a9788183332651 a005.133 aKanetkar, Yashavant P. aTest your C #.NET skillscYashavant P. Kanetkar aPart II aNew DelhibBPB Publicationsc2008 a280 p. aC #.NET aYashavant P. Kanetkar